00409 a2200145 4500003000400000005001700004008004100021020001800062040000900080082001800089100002900107245008800136260002900224300001000253OSt20231106142844.0231106b |||||||| |||| 00| 0 eng d a9789384355173 coclc a954.83bPAN/C aPanikkassery, Velayudhan aCharithramurangunna Chettuvayum Chettuvay Pareekkuttiyum /cVelayudhan Panikkassery aKerala:bVachanam books, a111 p